| Tag |
First Indicator |
Second Indicator |
Subfields |
| LEADER |
00000cam a2200000 a 4500 |
| 001 |
in00001069426 |
| 005 |
20150929095712.0 |
| 008 |
881006s1988 txu s00010 eng d |
| 035 |
|
|
|a (OCoLC)18575876
|
| 035 |
|
|
|9 AFN6148AM
|
| 040 |
|
|
|a IKM
|c IKM
|d UtOrBLW
|
| 049 |
|
|
|a IKMd
|
| 086 |
|
|
|a C330.8 An78c 1988
|2 txdocs
|
| 099 |
|
9 |
|a C330.8
|a An78c
|a 1988
|
| 245 |
0 |
0 |
|a Annual cost of cigarette smoking in Texas /
|c prepared by the Office of Smoking and Health, Division of Public Health Promotion, Texas Department of Health.
|
| 264 |
|
1 |
|a [Austin, Tex.] :
|b The Dept.,
|c 1988.
|
| 300 |
|
|
|a 8 pages :
|b color illustrations ;
|c 28 cm.
|
| 336 |
|
|
|a text
|b txt
|2 rdacontent
|
| 337 |
|
|
|a unmediated
|b n
|2 rdamedia
|
| 338 |
|
|
|a volume
|b nc
|2 rdacarrier
|
| 500 |
|
|
|a Cover title.
|
| 500 |
|
|
|a "Funded by the Texas Cancer Council."
|
| 650 |
|
0 |
|a Smoking
|x Economic aspects
|z Texas.
|
| 710 |
1 |
|
|a Texas.
|b Office of Smoking and Health.
|
| 710 |
2 |
|
|a Texas Cancer Council.
|
| 999 |
|
|
|a MARS
|
| 999 |
f |
f |
|s 75ade95f-8a74-31b8-9b27-a8c09681b080
|i e6536f31-5e42-33ce-94e9-0d774d0f801b
|t 0
|
| 952 |
f |
f |
|p normal
|a Texas A&M University
|b College Station
|c Sterling C. Evans Library
|d Evans: Texas Documents (Annex 5th floor)
|t 0
|e C330.8 An78c 1988
|h Superintendent of Documents classification
|i unmediated -- volume
|m A14815847919
|
| 998 |
f |
f |
|a C330.8 An78c 1988
|t 0
|l Evans: Texas Documents (Annex 5th floor)
|